The Oxford companion to the mind / (Record no. 3401)

000 -LEADER
fixed length control field 01304cam a2200325 a 4500
001 - CONTROL NUMBER
control field 2420530
003 - CONTROL NUMBER IDENTIFIER
control field OSt
005 - DATE AND TIME OF LATEST TRANSACTION
control field 20161005162226.0
008 - FIXED-LENGTH DATA ELEMENTS--GENERAL INFORMATION
fixed length control field 871019s1987 enka bd 001 0 eng
010 ## - LIBRARY OF CONGRESS CONTROL NUMBER
LC control number 87001671
020 ## - INTERNATIONAL STANDARD BOOK NUMBER
International Standard Book Number 019866124X :
Terms of availability $30.00 (U.S.)
022 ## - INTERNATIONAL STANDARD SERIAL NUMBER
Source 9780198661245
040 ## - CATALOGING SOURCE
Original cataloging agency DLC
Transcribing agency DLC
Modifying agency DLC
050 00 - LIBRARY OF CONGRESS CALL NUMBER
Classification number REFBF31.O94 1987
082 00 - DEWEY DECIMAL CLASSIFICATION NUMBER
Classification number 128/.2
Edition number 19
245 04 - TITLE STATEMENT
Title The Oxford companion to the mind /
Statement of responsibility, etc edited by Richard L. Gregory, with the assistance of O.L. Zangwill.
260 ## - PUBLICATION, DISTRIBUTION, ETC. (IMPRINT)
Place of publication, distribution, etc Oxford [Oxfordshire] ;
-- New York :
Name of publisher, distributor, etc Oxford University Press,
Date of publication, distribution, etc 1987.
300 ## - PHYSICAL DESCRIPTION
Extent xvii, 856 p. :
Other physical details ill. ;
Dimensions 25 cm.
504 ## - BIBLIOGRAPHY, ETC. NOTE
Bibliography, etc Includes bibliographies and index.
650 #0 - SUBJECT ADDED ENTRY--TOPICAL TERM
Topical term or geographic name as entry element Psychology
Form subdivision Dictionaries.
650 #0 - SUBJECT ADDED ENTRY--TOPICAL TERM
Topical term or geographic name as entry element Neurophysiology
Form subdivision Dictionaries.
650 #0 - SUBJECT ADDED ENTRY--TOPICAL TERM
Topical term or geographic name as entry element Philosophy
Form subdivision Dictionaries.
700 1# - ADDED ENTRY--PERSONAL NAME
Personal name Gregory, R. L.
Fuller form of name (Richard Langton)
700 1# - ADDED ENTRY--PERSONAL NAME
Personal name Zangwill, O. L.
Fuller form of name (Oliver Louis),
Dates associated with a name 1913-
856 42 - ELECTRONIC LOCATION AND ACCESS
Materials specified Publisher description
Uniform Resource Identifier <a href="http://www.loc.gov/catdir/enhancements/fy0635/87001671-d.html">http://www.loc.gov/catdir/enhancements/fy0635/87001671-d.html</a>
856 41 - ELECTRONIC LOCATION AND ACCESS
Materials specified Table of contents only
Uniform Resource Identifier <a href="http://www.loc.gov/catdir/enhancements/fy0635/87001671-t.html">http://www.loc.gov/catdir/enhancements/fy0635/87001671-t.html</a>
856 42 - ELECTRONIC LOCATION AND ACCESS
Materials specified Contributor biographical information
Uniform Resource Identifier <a href="http://www.loc.gov/catdir/enhancements/fy0723/87001671-b.html">http://www.loc.gov/catdir/enhancements/fy0723/87001671-b.html</a>
906 ## - LOCAL DATA ELEMENT F, LDF (RLIN)
a 7
b cbc
c orignew
d 1
e ocip
f 19
g y-gencatlg
942 ## - ADDED ENTRY ELEMENTS (KOHA)
Source of classification or shelving scheme
Koha item type Reference material
Holdings
Withdrawn status Lost status Source of classification or shelving scheme Damaged status Not for loan Home library Current library Shelving location Date acquired Total Checkouts Full call number Barcode Date last seen Copy number Price effective from Koha item type
          Riara University Library Riara University Library General stack 05/10/2016   REF BF31.O94 1987 7822/16 05/10/2016 C.1 05/10/2016 Reference material

Riara University Library,
P.O. Box 49940-00100,
Nairobi, Kenya.